000 00380nam a22001337a 4500
082 _a340.59
100 _aNyazee, Imran Ahsan Khan
245 _aCorporations in Islam /
_cImran Ahsan Khan Nyazee
260 _aRawalpindi :
_bFederal Law House,
_c2007.
300 _a259 p. ;
_c21 cm.
942 _2ddc
_cBK
999 _c587178
_d587178